Adenda 1: proyecto turístico-recreativo, Laguna Santo Domingo
Salvato in:
| Enti autori: | , |
|---|---|
| Natura: | Libro |
| Lingua: | spagnolo |
| Pubblicazione: |
Santiago
Osorio y Echeverría Ltda
2005
|
| Soggetti: | |
| Tags: |
Aggiungi Tag
Nessun Tag, puoi essere il primo ad aggiungerne!!
|
MARC
| LEADER | 00000nam a2200000 a 4500 | ||
|---|---|---|---|
| 001 | UCK4789 | ||
| 003 | CL-VaPUC | ||
| 008 | 050624e20050000CL |||||||||||||||||spa|d | ||
| 082 | 0 | 4 | |a 363.731 |b OSO |2 21 |
| 110 | 2 | |a Osorio y Echeverría Ltda |e author |9 493369 | |
| 710 | 2 | |a Agrícola Ariztía Ltda |e author |9 493370 | |
| 245 | 1 | 0 | |a Adenda 1: proyecto turístico-recreativo, Laguna Santo Domingo |
| 300 | |a Pág. irreg | ||
| 942 | |c BK | ||
| 945 | |d 20050624 00:00:00 |a cmena | ||
| 260 | |a Santiago |b Osorio y Echeverría Ltda |c 2005 | ||
| 650 | 0 | |a Impacto ambiental |9 262796 | |
| 650 | 0 | |a Turismo |9 308920 | |
| 650 | 0 | |a Desarrollo sustentable |9 333905 | |
| 650 | 0 | |a Protección del medio ambiente |9 257626 | |
| 650 | 0 | |a Responsabilidad social |9 339076 | |
| 651 | 7 | |a LAGUNA SANTO DOMINGO |2 CL-VaPUC |9 493371 | |
| 651 | 0 | |a Región 05 |9 267528 | |
| 583 | |a last modification |c 20050624 00:00:00 |k Rodrigo Vera | ||
| 999 | |c 313533 |d 313531 | ||
| 952 | |0 0 |1 0 |4 0 |6 363_731000000000000_OSO_2005 |7 0 |8 P |9 384941 |a BIBING |b BIBING |d 2019-11-22 |i 4137086 |o 363.731 OSO 2005 |p 4137086 |r 2025-01-20 |w 2019-11-22 |y BK |k CCL | ||
| 952 | |0 0 |1 0 |4 0 |6 363_731000000000000_OSO_2005 |7 0 |8 P |9 384942 |a BIBING |b BIBING |d 2019-11-22 |i 4137205 |o 363.731 OSO 2005 |p 4137205 |r 2025-01-20 |w 2019-11-22 |y BK |k CCL | ||